Редуктор привода вращения рамки антенны; Современные техника и технологии; Т. 1

Bibliografiset tiedot
Parent link:Современные техника и технологии: сборник трудов XVIII международной научно-практической конференции студентов, аспирантов и молодых ученых, Томск, 9-13 апреля 2012 г/ Национальный исследовательский Томский политехнический университет (ТПУ).— , 2012
Т. 1.— 2012.— [С. 295-296]
Päätekijä: Ермаков Д. В.
Muut tekijät: Крауиньш Д. П. Дмитрий Петрович (научный руководитель)
Yhteenveto:Заглавие с титульного листа
Kieli:venäjä
Julkaistu: 2012
Sarja:Секция 3: Технология, оборудование и автоматизация машиностроительных производств
Aiheet:
Linkit:http://www.lib.tpu.ru/fulltext/v/Conferences/2012/C2/V1/v1_144.pdf
Aineistotyyppi: MixedMaterials Elektroninen Kirjan osa
KOHA link:https://koha.lib.tpu.ru/cgi-bin/koha/opac-detail.pl?biblionumber=222240

MARC

LEADER 00000naa2a2200000 4500
001 222240
005 20260216155251.0
035 |a (RuTPU)RU\TPU\book\242424 
035 |a RU\TPU\book\242418 
090 |a 222240 
100 |a 20120920d2012 k y0rusy50 ca 
101 0 |a rus 
102 |a RU 
135 |a drcn ---uucaa 
181 0 |a i  
182 0 |a b 
200 1 |a Редуктор привода вращения рамки антенны  |f Д. В. Ермаков  |g науч. рук. Д. П. Крауиньш 
203 |a Текст  |c электронный 
215 |a 1 файл (817 Кб) 
225 1 |a Секция 3: Технология, оборудование и автоматизация машиностроительных производств 
300 |a Заглавие с титульного листа 
320 |a [Библиогр.: с. 296 (2 назв.)] 
337 |a Adobe Reader 
461 1 |0 (RuTPU)RU\TPU\book\240890  |t Современные техника и технологии  |o сборник трудов XVIII международной научно-практической конференции студентов, аспирантов и молодых ученых, Томск, 9-13 апреля 2012 г  |o в 3 т.  |f Национальный исследовательский Томский политехнический университет (ТПУ)  |d 2012 
463 1 |0 (RuTPU)RU\TPU\book\240891  |t Т. 1  |v [С. 295-296]  |d 2012 
610 1 |a труды учёных ТПУ 
610 1 |a электронный ресурс 
610 1 |a редукторные приводы 
610 1 |a вращения 
610 1 |a антенны 
610 1 |a космические аппараты 
700 1 |a Ермаков  |b Д. В. 
702 1 |a Крауиньш  |b Д. П.  |c специалист в области машиностроения  |c доцент Томского политехнического университета, кандидат технических наук  |f 1964-  |g Дмитрий Петрович  |4 727 
801 2 |a RU  |b 63413507  |c 20130205  |g RCR 
856 4 |u http://www.lib.tpu.ru/fulltext/v/Conferences/2012/C2/V1/v1_144.pdf 
942 |c CF